00849cam a2200253 a 450000100100000000500170001000800410002702000150006804000250008308200240010810000430013224500530017525000110022826000390023930000210027849000260029965000280032565000310035383000340038491000280041891000070044695201270045399900150058000000531220200929151636.0920316s2001 sp 000 0 spa  a8495501554 aDO-SdBNPbspacBNPHU a863.64bP438m, 20011 aPérez-Reverte, Arturo,d1951-91281613aEl maestro de esgrima /cArturo Pérez-Reverte. a2a ed, a[Madrid] :bSuma de Letras,c2001. a399 p. ;c23 cm.1 aPunto de lecturav1/4 4aNovela española91123 4aLiteratura española9632 0aPunto de lectura ;v1/493047 aCatalogación derivada aWM 001052708MOaGRbGRcHDd2009-08-31iLF1l0o863.64 P438m, 2001p5312-10r2020-06-25w2020-06-25y2ZPréstamo interno c5113d5113